000 00568nam a22001817a 4500
999 _c19304
_d19304
003 AR-CdUCM
008 190517b ||||| |||| 00| 0 spa d
040 _aMUNICIPALIDAD PROVINCIAL DEL CUSCO
_cBIBLIOTECA MUNICIPAL DEL CUSCO
082 _a985.009 /
_bL96
100 _aLituma Portocarrero, Luis
_96250
245 _aJavier de Luna Pizarro /
260 _aLima :
_bBiblioteca hombres del PerĂș,
_c1964.
300 _a151 paginas ;
_c20 cm.
505 _aContenido :BiografĂ­as /
650 _aBiografias
_9148
942 _2ddc
_cLIBROS
945 _arjall
_d2019-05-17